000 00477nam a2200133Ia 4500
008 170221s9999 xx 000 0 und d
100 _aNadeem Ahmed Sheikh
245 _aEffects of Excess Cash, Board Attributes and Insider Ownership on Firm Value: Evidence from Pakistan
245 _cNadeem Ahmed Sheikh and Muhammad Imran Khan
260 _c2012
300 _a32 : 18
650 _xBusiness
856 _uhttp://ro.uow.edu.au/cgi/viewcontent.cgi?article=1678&context=aabfj
999 _c311397
_d311397